1789 1687 1648 1837 1427 1049 1742 1517 1401 1513 1775 1670 1558 1345 1148 1300 1988 1154 1569 1046 1737 1020 1725 1922 1971 1765 1971 1452 1518 1270 1022 1603 1557 1647 1748 1121 1789 1963 1680 1639 1318 1396 1837 1818 1644 1021 1658 1677 1381 1340 1015 1613 1604 1318 1460 1935 1359 1067 1177 1552 1973 1488 1197 1845 1488 1707 1647 1308 1896 1534 1583 1134 1799 1138 1087 1799 1263 1689 1451 1038 1718 1443 1065 1616 1378 1316 1619 1904 1653 1394 1732 1799 1479 1454 1020 1870 1237 1103 1064 BCNSPRNW ULIB Ver.6.0+V

เปลี่ยนเป็นภาษาไทย

Change to English
 แสดงรายละเอียดบรรณานุกรม
  กลับหน้าหลัก

Brief Record : Get Marc (ISO 2709) : E-mail record : QR code < ปิดหน้าต่าง
LEADER : 00000nam 2200000uu 4500
001    13399112848
003     ULIB
008    110627s2541||||th 000 0 tha d
060  4 WY20^bก426ก 2541
100 0  กาญจนา สันติพัฒนาชัย
245 00 การประเมินความต้องการการพัฒนาอาจารย์ในวิทยาลัยสังกัดสถาบันพระบรมราชชนก Instructor Development Needs Assessment In The Colleges Under Praboromarajchanok Institute For Health Manpower Development/^cกาญจนา สันติพัฒนาชัย
260    กรุงเทพฯ :^bกระทรวงสาธารณสุข,^c2541
300    369 หน้า
650  7 การพัฒนาอาจารย์ในวิทยาลัยสังกัดสถาบันพระบรมราชชนก
650  7 อาจารย์ในวิทยาลัยสังกัดสถาบันพระบรมราชชนก
945    ^p0^l0^i008544
995    ทศพร
999 ^a ใช้งานได้ทุกระบบ
รายการนี้ยังไม่มีแท็ก
คุณยังไม่ได้ล็อกอิน คุณสามารถมีกิจกรรมร่วมกับเว็บไซต์ได้ แต่ต้องล็อกอินก่อน ::
  ล็อกอิน

รายการสื่อสารสนเทศ

ลำดับที่ ประเภท เลขเรียก/บาร์โค้ด สถานที่ สถานะ
- ไม่พบข้อมูล -

รายการใกล้เคียง
    ผู้แต่ง [กาญจนา สันติพัฒนาชัย]

BibComment


ยังไม่เคยถูกคอมเมนท์

คอมเมนท์ทรัพยากรรายการนี้
  คอมเมนท์: การประเมินความต้อ..


 Copyright 2026. Bcnsprnw @Library